000 00956nam a22002777a 4500
001 3154
003 FISKH
005 20240214152224.0
008 240214b cb ||||| |||| 00| 0 eng d
020 _a078073002757
040 _aFISKH
_beng
_cFISKH
_dFISKH
050 _aPZ7.P4445
082 _a813.54
100 _aPeterson, John Lawrence
245 _aThe littles and the great Halloween scare /
_bBy John Peterson ; Pictures by Roberta Carter Clark ; Cover Illustrations by Jacqueline Rogers
260 _aNew York :
_bScholastic,
_c1975.
300 _a80 pages :
_billustrations ;
_c20 cm
505 _aH
520 _aTom and Lucy Little carry out a plan to give their family the greatest Halloween scare ever.
521 8 _a440
_bLexile
521 8 _aH
_bRaz-Plus
650 _aThe Littles
_vFiction
_yHalloween
650 _aHalloween
_xHolidays
700 _aClark, Roberta Carter
_eillustrator
942 _2ddc
_cBK
_n0
999 _c3154
_d3154